000 00624nam a22002417a 4500
003 UA-OsUOA
001 22738
007 ta
008 20031224b un ||||| |||| 00| 0 ukr d
090 _a22.04
_bУ45
942 _cBK
040 _aUA-OsUOA
_bukr
_cUA-OsUOA
_dUA-OsUOA
245 _aУкраїнський православний часослов
300 _a248 с.
955 _a0
041 _aukr
080 _a22.04
260 _aВінніпег
_bВидавнича спілка "Екклезія"
_c1993
044 _aCA
250 _nПерепеч. с изд. 2
650 7 _2UDC
999 _c308966
_d308966